| 000 | 01937nam a2200385 a 4500 | ||
|---|---|---|---|
| 001 | 57955 | ||
| 003 | CO-BoRNBP | ||
| 005 | 20250813201750.0 | ||
| 007 | ta | ||
| 008 | 150921s2014 ck a gr 00010 spa d | ||
| 020 | _a9789588471716 | ||
| 040 |
_aCO-BoBLA _bspa _cCO-BoBLA |
||
| 043 | _as-ck--- | ||
| 082 | 0 | 4 |
_a709.861 _bB17r _221 |
| 100 | 1 |
_aBarón Pino, María Sol. _962126 |
|
| 245 | 1 | 0 |
_aRojo y más rojo : _bTaller 4 Rojo ; producción gráfica y acción directa / _cMaría Sol Barón Pino y Camilo Ordóñez Robayo ; curaduría Equipo Transhistor(ia). |
| 250 | _a1a. edición | ||
| 300 |
_a373 páginas : _bilustraciones ; _c23 cm. |
||
| 336 |
_2rdacontent _atexto _btxt |
||
| 337 |
_2rdamedia _asin mediación _bn |
||
| 338 |
_2rdacarrier _avolumen _bnc |
||
| 490 | 1 | _aInvestigaciones del arte colombiano - FUGA | |
| 500 | _aIncluye índice de contenido. | ||
| 500 | _aInvestigación curatorial desarrollada a través del IV Premio de Curaduría Histórica (2010), que reúne una amplia producción y documentos del grupo Taller 4 Rojo, colectivo artístico activo en Bogotá entre 1972 y 1976, en el que participaron Diego Arango, Umberto Giangrandi, Carlos Granada, Jorge Mora, Fabio Rodríguez Amaya y Nirma Zárate. | ||
| 610 | 2 | 7 |
_aFundación Gilberto Alzate Avendaño (Bogotá) _v Exposiciones _v Catálogos. _962127 |
| 610 | 2 | 7 |
_aTaller 4 Rojo (Grupo de artistas) _x Crítica e interpretación. _962128 |
| 610 | 2 | 7 |
_aTaller 4 Rojo (Grupo de artistas) _x Historia. _962129 |
| 650 | 7 |
_aArte colombiano _v Exposiciones _v Catálogos. _2BLAAUTO _962130 |
|
| 650 | 7 |
_aArtes plásticas _v Exposiciones _v Catálogos. _2BLAAUTO _962131 |
|
| 650 | 7 |
_aArtistas plásticos colombianos _v Exposiciones _v Catálogos. _2BLAAUTO _962132 |
|
| 650 | 7 |
_aGrabados colombianos _v Exposiciones _v Catálogos. _2BLAAUTO _962133 |
|
| 830 | 0 | _aPrograma de catalogación en la publicación | |
| 942 |
_2ddc _cBK |
||
| 949 |
_an _bn |
||
| 999 |
_c57955 _d57955 |
||